| 000 | 00734nam a22002177a 4500 | ||
|---|---|---|---|
| 005 | 20130924110023.0 | ||
| 010 | _aB-512615 | ||
| 020 |
_a9788180522543 _c495.00 |
||
| 035 | _aB-512615 | ||
| 037 | _bBSB/Ven. | ||
| 082 | _a611 | ||
| 100 | _aVishram Singh | ||
| 245 |
_aInstant Anatomy : _cby Vishram Singh _bfor medical, dental, paramedical and nursing students / |
||
| 250 | _a2nd ed | ||
| 260 |
_aNew Delhi _bAne Books _c2012 |
||
| 270 |
_a4821, Parwana Bhawan, 1st Floor, 24 Ansari Road, Darya Ganj _bNew Delhi _e110002 |
||
| 300 |
_a382p. _c24cm(pbk) _bill. |
||
| 500 | _aIncludes index | ||
| 942 |
_2ddc _cEN _mVIS _h611 |
||
| 999 |
_c79045 _d79045 |
||